[Event "?"]
[Site "Las Palmas ESP"]
[Date "1991.??.??"]
[Round "8"]
[White "Topalov, Veselin"]
[Black "De la Villa Garcia, Jesus Maria"]
[Result "1-0"]
[WhiteElo "2455"]
[BlackElo "2475"]

1.d4 Cf6 2.Cf3 g6 3.Fg5 Fg7 4.Cbd2 d5 5.c3 Cbd7 6.b4 a5 7.b5 Ce4 8.Cxe4 
dxe4 9.Cd2 h6 10.Fh4 g5 11.Fg3 f5 12.e3 e5 13.Fc4 De7 14.Dh5+ Rf8 15.O-O 
f4 16.f3 fxg3 17.fxe4+ Ff6 18.h4 Rg7 19.Tf5 De8 20.Df3 gxh4 21.Tf1 Tf8 22.
Fd5 c6 23.bxc6 bxc6 24.Fxc6 Ta6 25.d5 De7 26.Dg4+ Rh7 27.Cc4 Dg7 28.Df3 
Rg8 29.Cd6 Cc5 30.Cxc8 Txc8 1-0

[Event "It"]
[Site "Vrnjacka Banja YUG"]
[Date "1991.??.??"]
[Round "11"]
[White "Topalov, Veselin"]
[Black "Mitkov, Nikola"]
[Result "1/2-1/2"]
[WhiteElo "2455"]
[BlackElo "2370"]

1.e4 e5 2.Cf3 Cc6 3.Fb5 a6 4.Fa4 Cf6 5.O-O b5 6.Fb3 Fe7 7.Te1 O-O 8.c3 d5 
9.exd5 Cxd5 10.Cxe5 Cxe5 11.Txe5 c6 12.d4 Fd6 13.Te1 Dh4 14.g3 Dh3 15.Fe3 
Fg4 16.Dd3 Tae8 17.Cd2 Te6 18.a4 Dh5 19.axb5 axb5 20.Fxd5 1/2-1/2

[Event "BUL Ch"]
[Site "BUL"]
[Date "1992.??.??"]
[Round "1"]
[White "Topalov, Veselin"]
[Black "Popchev, Milko"]
[Result "1-0"]
[WhiteElo "2460"]
[BlackElo "2465"]

1.d4 d5 2.c4 c6 3.Cc3 Cf6 4.e3 a6 5.Cf3 b5 6.b3 Ff5 7.Ce5 e6 8.g4 Fg6 9.h4
Ce4 10.Cxe4 Fxe4 11.f3 f6 12.Cxc6 Cxc6 13.fxe4 dxe4 14.Dc2 f5 15.gxf5 exf5
16.Fd2 Tc8 17.Fc3 Fb4 18.O-O-O Da5 19.Fa1 Fa3+ 20.Rb1 Cb4 21.Dc3 O-O 22.d5
Tf7 23.Tg1 Dc7 24.Fh3 bxc4 25.d6 Cxa2 26.Rxa2 Fxd6 27.Txd6 cxb3+ 28.Dxb3 
1-0

[Event "BUL Ch"]
[Site "BUL"]
[Date "1992.??.??"]
[Round "2"]
[White "Petkov, Vladimir"]
[Black "Topalov, Veselin"]
[Result "1-0"]
[WhiteElo "2260"]
[BlackElo "2460"]

1.d4 e6 2.Cf3 Cf6 3.c4 Fb4+ 4.Cc3 c5 5.g3 cxd4 6.Cxd4 O-O 7.Fg2 d5 8.cxd5 
Cxd5 9.Fd2 Fxc3 10.bxc3 e5 11.Cb3 Cb6 12.Ca5 Dc7 13.O-O Ca6 14.c4 Td8 15.
Dc2 Tb8 16.Tfc1 Cc5 17.Tab1 Ff5 18.Dxf5 Txd2 19.Tb5 Txe2 20.Cc6 bxc6 21.
Txc5 Dd6 22.Txc6 Dd2 23.Tf1 g6 24.Df6 e4 25.Td6 Db2 26.Dxb2 Txb2 27.c5 Cc4
28.Td7 e3 29.c6 Ce5 30.Tb7 T8xb7 31.cxb7 Cc4 32.Fd5 e2 33.Te1 Cd6 34.Txe2 
Tb5 35.Te7 1-0

[Event "BUL Ch"]
[Site "BUL"]
[Date "1992.??.??"]
[Round "3"]
[White "Topalov, Veselin"]
[Black "Semkov, Semko"]
[Result "1-0"]
[WhiteElo "2460"]
[BlackElo "2480"]

1.d4 d5 2.c4 e6 3.Cf3 c6 4.Cc3 Cf6 5.Fg5 h6 6.Fh4 dxc4 7.e4 g5 8.Fg3 b5 9.
e5 Ch5 10.Fe2 Fb7 11.O-O Fe7 12.a4 a6 13.Ce4 Cd7 14.Cd6+ Fxd6 15.exd6 Cg7 
16.Ce5 h5 17.axb5 axb5 18.Txa8 Fxa8 19.Cxd7 Dxd7 20.h4 gxh4 21.Fxh4 Dxd6 
22.Ff6 Tg8 23.Da1 Db8 24.Ff3 Rd7 25.Da3 Cf5 26.Ta1 Fb7 27.Db4 Dd6 28.Dc3 
Ta8 29.Txa8 Fxa8 30.Fe5 Df8 31.Da5 Dc8 32.Fxh5 Re7 33.Da3+ c5 34.Da7+ Fb7 
35.Ff3 f6 36.Fxb7 Dd7 37.Dxc5+ Rf7 38.Fc6 De7 39.Fb8 Dxc5 40.dxc5 Cd4 41.
Ff4 b4 1-0

[Event "BUL Ch"]
[Site "BUL"]
[Date "1992.??.??"]
[Round "4"]
[White "Radulski, Julian"]
[Black "Topalov, Veselin"]
[Result "1/2-1/2"]
[WhiteElo "2270"]
[BlackElo "2460"]

1.e4 c5 2.Cc3 d6 3.g3 g6 4.Fg2 Fg7 5.d3 Cc6 6.f4 e6 7.Cf3 Cge7 8.O-O O-O 
9.Fe3 b6 10.d4 Fa6 11.Tf2 Ca5 12.Ff1 Fxf1 13.Dxf1 d5 14.Td1 Tc8 15.dxc5 
bxc5 16.exd5 exd5 17.Ca4 d4 18.Fd2 Cb7 19.c3 Cd6 20.cxd4 cxd4 21.Dd3 Dd7 
22.b3 Db5 23.Dxb5 Cxb5 24.Fb4 Tfe8 25.Fxe7 Txe7 26.Rf1 Ff6 27.Cb2 Cc3 28.
Tc1 Td8 29.Cc4 Te6 30.Cce5 Ta6 31.Cxd4 Cxa2 32.Tc6 Cb4 33.Txa6 Cxa6 34.
Cdc6 Td1+ 35.Rg2 Fxe5 36.Cxe5 Cb4 37.Cc4 1/2-1/2

[Event "BUL Ch"]
[Site "BUL"]
[Date "1992.??.??"]
[Round "5"]
[White "Topalov, Veselin"]
[Black "Kolev, Atanas"]
[Result "1/2-1/2"]
[WhiteElo "2460"]
[BlackElo "2445"]

1.d4 Cf6 2.c4 e6 3.Cf3 b6 4.g3 Fa6 5.b3 Fb4+ 6.Fd2 Fe7 7.Fg2 c6 8.Fc3 d5 
9.Ce5 Cfd7 10.Cxd7 Cxd7 11.Cd2 O-O 12.O-O b5 13.Te1 bxc4 14.bxc4 Cb6 15.c5
Cc4 16.Ff1 Cxd2 17.Fxd2 e5 18.dxe5 Fxc5 19.Dc2 De7 20.Tad1 Tac8 21.Fh3 Tc7
22.Ff5 h6 23.Da4 Fc8 24.e4 Fe6 25.exd5 cxd5 26.Dg4 Fxf5 27.Dxf5 De6 28.Dd3
Fb6 29.Fe3 d4 30.Fxd4 Td8 31.De3 Txd4 32.Txd4 Tc4 33.Td6 Fxe3 34.Txe6 
Fxf2+ 35.Rxf2 fxe6 36.Te2 Ta4 37.Re3 Rf7 38.Tc2 Rg6 39.Tc7 Txa2 40.Rf4 
Ta4+ 41.Rf3 a5 42.g4 Ta3+ 43.Rf4 Ta4+ 44.Rf3 h5 45.gxh5+ Rf5 46.Tf7+ Rxe5 
47.Txg7 Th4 48.Tg5+ Rf6 49.Txa5 e5 50.h6 1/2-1/2

[Event "BUL Ch"]
[Site "BUL"]
[Date "1992.??.??"]
[Round "6"]
[White "Genov, Petar"]
[Black "Topalov, Veselin"]
[Result "1-0"]
[WhiteElo "2450"]
[BlackElo "2460"]

1.d4 f5 2.g3 Cf6 3.Fg2 g6 4.Cf3 Fg7 5.O-O O-O 6.Cbd2 De8 7.b3 d6 8.Fb2 Cc6
9.Te1 e5 10.e4 Cxe4 11.dxe5 d5 12.c4 Fe6 13.cxd5 Fxd5 14.Cxe4 Fxe4 15.Cg5 
Fxg2 16.Rxg2 f4 17.Te4 Td8 18.Dc2 fxg3 19.hxg3 h6 20.Dc4+ Rh8 21.Cf3 g5 
22.Th1 Dg6 23.g4 Txf3 24.Rxf3 Td2 25.Fc3 b5 26.Dc5 Tc2 27.De3 Ce7 28.Fe1 
Cd5 29.Dd3 Dc6 30.Rg3 Cf4 31.Df3 Dd5 32.Te3 Dg8 33.e6 Cxe6 34.Fc3 Txc3 35.
Txc3 Fe5+ 36.Rg2 Cf4+ 37.Rf1 Dg6 38.Tc1 Rh7 39.Te1 Fd4 40.Te7+ Fg7 41.De4 
Dxe4 42.Txe4 Cd5 43.Rg2 Ff8 44.Td1 c6 45.Rf3 1-0

[Event "BUL Ch"]
[Site "BUL"]
[Date "1992.??.??"]
[Round "7"]
[White "Topalov, Veselin"]
[Black "Genov, Petko"]
[Result "1-0"]
[WhiteElo "2460"]
[BlackElo "2300"]

1.d4 Cf6 2.c4 g6 3.Cc3 d5 4.cxd5 Cxd5 5.e4 Cxc3 6.bxc3 Fg7 7.Fc4 O-O 8.Ce2
Cc6 9.h4 e5 10.Fe3 exd4 11.cxd4 De7 12.Fd3 Cxd4 13.Tc1 c5 14.h5 b6 15.hxg6
hxg6 16.Cf4 Fb7 17.f3 Ce6 18.Cxe6 Dxe6 19.Fc4 De5 20.De2 Tad8 21.Df2 Tfe8 
22.Dh4 Rf8 23.Fb5 Db2 24.Fxe8 Fa6 25.Fb5 Ff6 26.Dh6+ Fg7 27.Fxa6 Fxh6 28.
Fxh6+ Rg8 29.O-O Dd4+ 30.Tf2 Da4 31.Ff1 Td1 32.Txd1 Dxd1 33.Td2 Da1 34.Rf2
Rh7 35.Fe3 Dc3 36.Fe2 Db4 37.Td7 Rg7 38.Txa7 Db2 39.Tb7 Dxa2 40.Txb6 1-0

[Event "BUL Ch"]
[Site "BUL"]
[Date "1992.??.??"]
[Round "8"]
[White "Panbukchian, Valentin"]
[Black "Topalov, Veselin"]
[Result "1-0"]
[WhiteElo "2340"]
[BlackElo "2460"]

1.e4 e5 2.Cf3 Cc6 3.Fb5 a6 4.Fa4 Cf6 5.O-O b5 6.Fb3 Fb7 7.c3 Cxe4 8.d4 Ca5
9.Cxe5 Cxb3 10.Dxb3 Df6 11.f3 Cc5 12.Cg4 Cxb3 13.Cxf6+ gxf6 14.axb3 d6 15.
Cd2 Rd7 16.Ce4 Fe7 17.b4 The8 18.Fh6 Fd8 19.Fg7 Te6 20.Cg3 f5 21.Cxf5 Fg5 
22.h4 Ff4 23.Tfe1 Tg8 24.Rf2 h5 25.g3 Fxg3+ 26.Cxg3 Txg7 27.Cxh5 Th7 28.
Txe6 Rxe6 29.Cf4+ Rf5 30.Cg2 Rf6 31.Th1 Th5 32.Cf4 Th8 33.h5 Rg5 34.Rg3 
Tg8 35.Cd3 Rh6+ 36.Rf2 Tg5 37.Cf4 Tf5 38.Re3 Tg5 39.Td1 Tg3 40.d5 Tg5 41.
b3 Te5+ 42.Rf2 Fc8 43.c4 Ff5 44.Td2 Rg5 45.Ce2 Rxh5 46.Cd4 Fc8 47.Cc6 Tg5 
48.Ta2 Rh6 49.Te2 Fh3 50.Re3 Rg7 51.Th2 Fc8 52.Ta2 Tg1 53.cxb5 axb5 54.Ta7
Ff5 55.Cd4 Fg6 56.Cxb5 Tb1 57.Txc7 Txb3+ 58.Tc3 Txb4 59.Cxd6 Rf6 60.Cc4 
Tb1 61.Rd4 Fh5 62.Rc5 Tf1 63.Cd2 Td1 64.Td3 Re7 65.Te3+ Rd7 66.Ce4 Tc1+ 
67.Rd4 Fg6 68.Ta3 Fxe4 69.fxe4 f6 70.Ta7+ Rd6 71.Ta6+ Re7 72.Te6+ Rf7 73.
Tc6 Ta1 74.Tc7+ Re8 75.d6 Ta5 76.Tc5 Ta7 77.Rd5 Ta4 1-0

[Event "BUL Ch"]
[Site "BUL"]
[Date "1992.??.??"]
[Round "9"]
[White "Topalov, Veselin"]
[Black "Ermenkov, Evgenij"]
[Result "1/2-1/2"]
[WhiteElo "2460"]
[BlackElo "2505"]

1.d4 d5 2.c4 e6 3.Cc3 c5 4.cxd5 exd5 5.Cf3 Cc6 6.g3 Cf6 7.Fg2 Fe7 8.O-O 
O-O 9.dxc5 Fxc5 10.Fg5 d4 11.Ce4 Fe7 12.Fxf6 Fxf6 13.Ce1 Ff5 14.Cd3 Fxe4 
15.Fxe4 Te8 16.Fxc6 bxc6 17.Tc1 Db6 18.Te1 Te6 19.Da4 Tae8 20.Tc2 g6 21.
Cf4 Td6 22.Tec1 Tc8 23.Da3 Fe7 24.Tc4 Td7 25.Df3 Dxb2 26.Cd3 Db5 27.a4 Dd5
28.Dxd5 Txd5 29.Txc6 Txc6 30.Txc6 Td7 31.Rf1 Rg7 32.Re1 h5 33.Rd2 Tb7 34.
Tc4 Ff6 35.Rc2 g5 36.Cc5 Tb6 37.Cb3 d3+ 38.exd3 g4 39.a5 Te6 40.Rd2 Fg5+ 
41.Rd1 Rg6 42.Cc5 Te5 43.d4 Td5 44.Re2 Ff6 45.Cb3 Tb5 46.Tc3 Fd8 47.a6 Tb6
48.Cc5 Tb2+ 49.Re3 Fg5+ 50.f4 gxf3+ 51.Rxf3 Txh2 52.Ce4 Ta2 53.Tc6+ f6 54.
d5 Ta3+ 55.Rg2 Td3 56.d6 Rf5 57.Cc5 Td2+ 58.Rf3 Fh6 59.Tc7 Txd6 60.Txa7 
Tc6 61.Ce4 Tb6 62.Cc5 Tc6 63.Cd3 Tc3 64.Re2 Tc2+ 65.Rf3 Tc3 66.Re2 Tc2+ 
67.Rf3 1/2-1/2

[Event "BUL Ch"]
[Site "BUL"]
[Date "1992.??.??"]
[Round "10"]
[White "Donchev, Dimitar I"]
[Black "Topalov, Veselin"]
[Result "1/2-1/2"]
[WhiteElo "2520"]
[BlackElo "2460"]

1.e4 e5 2.Cf3 Cc6 3.Fb5 a6 4.Fa4 Cf6 5.O-O Fe7 6.Te1 b5 7.Fb3 O-O 8.c3 d5 
9.exd5 Cxd5 10.Cxe5 Cxe5 11.Txe5 c6 12.g3 Fd6 13.Te1 Dd7 14.d4 Dh3 15.Fxd5
cxd5 16.Df3 Ff5 17.Dg2 Dh5 18.Dxd5 Tfe8 19.Fd2 Txe1+ 20.Fxe1 Dd1 21.Dxa8+ 
Ff8 22.Dg2 Fd3 23.h3 Dxe1+ 24.Rh2 h5 25.h4 Dc1 26.Df3 Dxb2 27.Dxd3 Dxf2+ 
28.Rh1 Db2 29.a4 Dxa1 30.axb5 axb5 31.Dxb5 Da8+ 32.d5 Da2 33.Dd3 Df2 34.d6
Fxd6 35.Dxd6 1/2-1/2

[Event "BUL Ch"]
[Site "BUL"]
[Date "1992.??.??"]
[Round "11"]
[White "Topalov, Veselin"]
[Black "Grigorov, Jordan N"]
[Result "0-1"]
[WhiteElo "2460"]
[BlackElo "2390"]

1.d4 f5 2.g3 g6 3.Fg2 Cf6 4.Ch3 Fg7 5.Cf4 c6 6.Cc3 d5 7.h4 O-O 8.h5 De8 9.
hxg6 hxg6 10.Cd3 Cbd7 11.Fh6 e5 12.Fxg7 Rxg7 13.dxe5 Cxe5 14.Dd2 Cxd3+ 15.
cxd3 Fe6 16.d4 Th8 17.O-O-O De7 18.Dg5 Rf7 19.Df4 Ch5 20.De3 Dd6 21.Th4 
Cf6 22.Tdh1 Txh4 23.Txh4 Tg8 24.Cb1 g5 25.Th1 Cg4 26.Df3 Rg6 27.e3 Df8 28.
De2 Th8 29.Tg1 Db4 30.f3 Cf6 31.Cc3 Th2 32.a3 Dd6 33.De1 Rf7 34.Ff1 b5 35.
Ca2 Fd7 36.Cb4 c5 37.Cd3 c4 38.Ce5+ Re6 39.g4 fxg4 40.fxg4 Ce4 41.Fg2 c3 
42.b4 Da6 0-1

[Event "BUL Ch"]
[Site "BUL"]
[Date "1992.??.??"]
[Round "12"]
[White "Topalov, Veselin"]
[Black "Georgiev, Krum"]
[Result "1/2-1/2"]
[WhiteElo "2460"]
[BlackElo "2505"]

1.d4 g6 2.c4 Fg7 3.Cc3 Cf6 4.e4 d6 5.Cf3 O-O 6.Fe2 e5 7.dxe5 dxe5 8.Dxd8 
Txd8 9.Fg5 Te8 10.Cd5 Cxd5 11.cxd5 c6 12.Fc4 cxd5 13.Fxd5 Ca6 14.O-O-O Cc7
1/2-1/2

[Event "BUL Ch"]
[Site "BUL"]
[Date "1992.??.??"]
[Round "13"]
[White "Lalev, Dimitar"]
[Black "Topalov, Veselin"]
[Result "1-0"]
[WhiteElo "2425"]
[BlackElo "2460"]

1.d4 Cf6 2.c4 c5 3.d5 b5 4.cxb5 a6 5.e3 axb5 6.Fxb5 Da5+ 7.Cc3 Fb7 8.Ce2 
Fxd5 9.O-O Fc6 10.a4 e6 11.e4 Fxb5 12.Cxb5 Cxe4 13.Ff4 Ca6 14.Cec3 Cxc3 
15.bxc3 d5 16.Te1 Fe7 17.Dh5 Rf8 18.Te3 Dd8 19.Tf3 Rg8 20.Fe5 f6 21.Dg4 
Rf7 22.Dh5+ g6 23.Dh6 c4 24.g4 Rg8 25.Cd4 Cc5 26.Cc6 Ff8 27.Df4 Cd3 28.
Dxf6 Dxf6 29.Fxf6 Fg7 30.Tb1 Cc5 31.Ce7+ Rf7 32.Fd4+ Rxe7 33.Fxc5+ Re8 34.
Tb7 Ff8 35.Fd4 Tg8 36.Tf6 Rd8 37.Txe6 Txa4 1-0

[Event "Open"]
[Site "Palma de Majorca ESP"]
[Date "1992.??.??"]
[Round "8"]
[White "De la Villa Garcia, Jesus Maria"]
[Black "Topalov, Veselin"]
[Result "0-1"]
[WhiteElo "2450"]
[BlackElo "2460"]

1.e4 e6 2.d4 d5 3.Cd2 a6 4.Cgf3 c5 5.exd5 exd5 6.dxc5 Fxc5 7.Cb3 Fb6 8.Fg5
Ce7 9.Dd2 O-O 10.O-O-O Cbc6 11.h3 Te8 12.Fe3 Ff5 13.Cfd4 Fg6 14.h4 Tc8 15.
h5 Fe4 16.f3 Cxd4 17.Cxd4 Fxd4 18.fxe4 Fxe3 19.Dxe3 Dc7 20.Fd3 Cf5 21.Dg5 
Cg3 22.h6 De5 23.Dxe5 Txe5 24.Th3 Cxe4 25.Fxe4 dxe4 26.hxg7 Tg5 27.Td2 
Rxg7 28.Te3 Te8 29.g3 Te7 30.c4 h5 31.b4 f5 32.Td4 Rf6 33.a4 Teg7 34.Td6+ 
Re5 35.Td5+ Re6 36.Tdd3 h4 37.gxh4 Tg1+ 38.Rb2 T7g2+ 39.Rc3 Re5 40.Td5+ 
Rf4 41.Th3 Tc1+ 42.Rb3 Tb1+ 43.Rc3 Tgb2 44.Rd4 Txb4 45.h5 Tc1 46.Tc5 b5 
47.axb5 axb5 48.Txb5 Tbxc4+ 49.Rd5 T4c3 50.Th2 T3c2 51.Th3 Td2+ 52.Re6 
Tc6+ 53.Re7 Ta2 54.Tb7 Th6 55.Th1 Th7+ 0-1

[Event "Open"]
[Site "St Cugat"]
[Date "1992.??.??"]
[Round "3"]
[White "Topalov, Veselin"]
[Black "Pomar Salamanca, Arturo"]
[Result "1-0"]
[WhiteElo "2460"]
[BlackElo "2345"]

1.d4 d5 2.c4 e6 3.Cc3 Cf6 4.Cf3 Fe7 5.Fg5 O-O 6.e3 Cbd7 7.Dc2 c6 8.O-O-O 
a6 9.Rb1 dxc4 10.Fxc4 Cd5 11.Fxe7 Dxe7 12.Ce4 b5 13.Fe2 Fb7 14.Cc5 Cxc5 
15.Dxc5 Dxc5 16.dxc5 Tfd8 17.Td4 Rf8 18.Thd1 Re7 19.Cg5 f5 20.e4 Cf4 21.
Ff3 Txd4 22.Txd4 Tf8 23.Cxh7 Th8 24.Cg5 Txh2 25.exf5 Cxg2 26.Cxe6 Ch4 27.
Fg4 Txf2 28.Cxg7 Cf3 29.Te4+ Rf7 30.Fxf3 Txf3 31.Ce8 Fc8 32.Cd6+ Rf6 33.
Cxc8 Txf5 34.Cb6 Tf1+ 35.Rc2 Tf2+ 36.Rc3 Tf3+ 37.Rb4 Tf2 38.Ra5 Txb2 39.
Rxa6 Rf5 40.Te3 Tc2 41.Cd7 1-0

[Event "Open"]
[Site "St Cugat"]
[Date "1992.??.??"]
[Round "4"]
[White "Kolev, Atanas"]
[Black "Topalov, Veselin"]
[Result "0-1"]
[WhiteElo "2445"]
[BlackElo "2460"]

1.Cf3 g6 2.e4 Fg7 3.d4 e6 4.c4 Ce7 5.Cc3 O-O 6.d5 d6 7.dxe6 Fxe6 8.Fe2 
Cbc6 9.O-O f5 10.Cg5 Fd7 11.c5 dxc5 12.Db3+ Rh8 13.Cf7+ Txf7 14.Dxf7 Ce5 
15.Db3 C7c6 16.Fe3 Cd4 17.Dd1 fxe4 18.Cxe4 b6 19.f3 Fc6 20.Rh1 De8 21.Te1 
Td8 22.Fg5 Fxe4 23.fxe4 Td6 24.Dc1 Ff6 25.Ff4 Fh4 26.g3 Ff6 27.Fxe5 Dxe5 
28.Ff1 Rg7 29.Tb1 Cf3 30.Te2 Td2 31.Dc3 Dh5 32.Dxd2 Cxd2 33.Txd2 Fd4 34.
Fg2 De5 35.b3 b5 36.Tbd1 a5 37.Tc2 h5 38.Ff3 Rh6 39.Rg2 g5 40.Rh1 g4 41.
Fg2 h4 42.gxh4 Df6 43.e5 Fxe5 44.Txc5 Df4 45.Tc6+ Rh5 46.Rg1 Dxh2+ 47.Rf1 
Df4+ 48.Re2 Fd4 49.Tf1 De3+ 50.Rd1 Dd3+ 51.Re1 a4 0-1

[Event "Open"]
[Site "St Cugat"]
[Date "1992.??.??"]
[Round "5"]
[White "Topalov, Veselin"]
[Black "Glavina, Pablo"]
[Result "1-0"]
[WhiteElo "2460"]
[BlackElo "2405"]

1.d4 Cf6 2.c4 g6 3.Cc3 Fg7 4.e4 d6 5.f3 O-O 6.Cge2 c5 7.Fe3 Cc6 8.d5 Ce5 
9.Cg3 e6 10.Fe2 exd5 11.cxd5 h5 12.O-O Te8 13.Dd2 h4 14.Ch1 Ch7 15.Cf2 f5 
16.Tae1 a6 17.a3 Df6 18.Ch3 Cf7 19.Cf4 b5 20.exf5 Fxf5 21.Fd3 Ce5 22.Ce4 
Dd8 23.Fe2 Cf7 24.h3 Cf6 25.Fd3 Ce5 26.Cxf6+ Dxf6 27.Fxf5 Cc4 28.Df2 Dxf5 
29.Ce6 Fxb2 30.Dxh4 Cxe3 31.Txe3 Dxd5 32.Tfe1 Fe5 33.Cc7 Dd4 34.Dg5 Rg7 
35.Cxa8 Ff6 36.Rh1 Fxg5 37.Txe8 Rf7 38.Cc7 Dc3 39.f4 Fd8 40.Rh2 Dd2 41.
T1e4 Ff6 42.T8e6 c4 43.Rg3 g5 44.Rf3 d5 45.Te3 Dd1+ 46.Rg3 gxf4+ 47.Rxf4 
Dh5 48.g4 Dg5+ 49.Rf3 c3 50.Ce8 c2 51.Cxf6 c1=D 52.Te7+ Rg6 53.Ch5 Dxe7 
54.Txe7 Dxa3+ 55.Te3 Da1 56.Cf4+ Rg5 57.Rg3 Dg1+ 58.Cg2 a5 59.Te6 1-0

[Event "Open"]
[Site "St Cugat"]
[Date "1992.??.??"]
[Round "6"]
[White "Danailov, Silvio"]
[Black "Topalov, Veselin"]
[Result "0-1"]
[WhiteElo "2445"]
[BlackElo "2460"]

1.e4 e5 2.Cf3 Cc6 3.Fb5 a6 4.Fa4 Cf6 5.O-O b5 6.Fb3 Fb7 7.d3 Fd6 8.a4 Ca5 
9.Fa2 O-O 10.Cc3 b4 11.Ce2 h6 12.Cg3 Te8 13.Fd2 Ff8 14.Te1 c5 15.h3 Tb8 
16.Fc4 Dc7 17.Ch2 d5 18.exd5 Cxd5 19.b3 Cxc4 20.bxc4 Cf4 21.Cf3 g6 22.Fxf4
exf4 23.Ce4 Fg7 24.Tb1 Fc6 25.Cfd2 Fxa4 26.Cb3 Fxb3 27.cxb3 Te6 28.Cd2 
Tbe8 29.Txe6 Txe6 30.Cf3 Fc3 31.Dc2 De7 32.Rf1 g5 33.Td1 Rg7 34.Dc1 Te2 
35.d4 Ta2 36.Rg1 De2 37.Tf1 cxd4 38.Dd1 d3 39.Ch2 Ta1 40.Dxa1 Fxa1 41.Txa1
d2 0-1

[Event "Interzonal"]
[Site "Biel SUI"]
[Date "1993.??.??"]
[Round "2"]
[White "Barua, Dibyendu"]
[Black "Topalov, Veselin"]
[Result "1-0"]
[WhiteElo "2510"]
[BlackElo "2650"]

1.e4 c5 2.Cf3 d6 3.Fb5+ Fd7 4.Fxd7+ Dxd7 5.O-O e6 6.b3 Cf6 7.Te1 Cc6 8.Fb2
Fe7 9.d4 cxd4 10.Cxd4 O-O 11.c4 Tfd8 12.Cc3 Tac8 13.Dd2 b6 14.Tad1 a6 15.
a4 Ca5 16.De3 Ce8 17.f4 Db7 18.Rh1 Ff8 19.Dh3 Cc7 20.Td3 Cc6 21.Cxc6 Dxc6 
22.Dh4 Ce8 23.Th3 h6 24.Tg3 Rh7 25.f5 exf5 26.Cd5 b5 27.axb5 axb5 28.Df4 
bxc4 29.Dxf5+ Rg8 30.Fxg7 1-0

[Event "Interzonal"]
[Site "Biel SUI"]
[Date "1993.??.??"]
[Round "3"]
[White "Topalov, Veselin"]
[Black "Kakageldyev, Amanmurad"]
[Result "1-0"]
[WhiteElo "2650"]
[BlackElo "2465"]

1.d4 g6 2.e4 Fg7 3.c3 Cf6 4.Fd3 d6 5.Cf3 O-O 6.O-O c5 7.a3 Cc6 8.d5 Ce5 9.
Cxe5 dxe5 10.c4 e6 11.Cc3 exd5 12.cxd5 Ce8 13.Fe3 b6 14.b4 cxb4 15.axb4 f5
16.f3 Cd6 17.De2 f4 18.Ff2 Tf7 19.Cb5 Ff8 20.Ta4 a5 21.Tfa1 Fd7 22.bxa5 
bxa5 23.Rf1 Fe8 24.Fe1 Cb7 25.T4a2 Fc5 26.Db2 Db6 27.Fc3 Fg1 28.Fxe5 Fxh2 
29.Dd4 Dd8 30.d6 Tc8 31.Cc7 Fg3 32.Tb1 Cc5 33.Fc4 Cd7 34.Fh8 1-0

[Event "Interzonal"]
[Site "Biel SUI"]
[Date "1993.??.??"]
[Round "4"]
[White "Zarnicki, Pablo A"]
[Black "Topalov, Veselin"]
[Result "1/2-1/2"]
[WhiteElo "2455"]
[BlackElo "2650"]

1.e4 c5 2.Cf3 e6 3.d4 cxd4 4.Cxd4 a6 5.Fd3 Cf6 6.O-O Dc7 7.c4 d6 8.Cc3 
Cbd7 9.De2 Ce5 10.Cf3 Cg6 11.h3 Fe7 12.Fe3 O-O 13.Tac1 Fd7 14.b4 Tac8 15.
Tfd1 Db8 16.a4 Tfe8 17.a5 d5 18.c5 dxe4 19.Fxe4 Ted8 20.Fxg6 hxg6 21.Fd4 
Fc6 22.Ce5 Fd5 23.Td3 Ff8 24.Tcd1 Te8 25.De3 Fb3 1/2-1/2

[Event "Interzonal"]
[Site "Biel SUI"]
[Date "1993.??.??"]
[Round "6"]
[White "Topalov, Veselin"]
[Black "Hamdouchi, Hichem"]
[Result "1/2-1/2"]
[WhiteElo "2650"]
[BlackElo "2455"]

1.e4 e6 2.d4 d5 3.Cc3 Fb4 4.e5 b6 5.Dg4 Ff8 6.Fg5 Dd7 7.Fb5 Cc6 8.Cf3 a6 
9.Fa4 Fb7 10.O-O h6 11.Dh3 Cge7 12.Ce2 Tg8 13.Fd2 O-O-O 14.Tae1 Rb8 15.c3 
Cc8 16.Fc1 a5 17.Fb5 C8a7 18.Fd3 Dc8 19.Cd2 Fa6 20.Fxa6 Dxa6 21.Rh1 Td7 
22.f4 g6 23.g4 Ce7 24.Cg3 c5 25.f5 cxd4 26.fxe6 fxe6 27.cxd4 Cac6 28.Ce2 
Fg7 29.a3 g5 30.Tf7 Cd8 31.Tf2 Cg6 32.Cb1 Tf8 33.Txf8 Fxf8 34.b3 Tf7 35.
Cbc3 Cc6 36.Tf1 Txf1+ 37.Dxf1 Cxd4 38.Df6 Cxe2 39.Dd8+ Ra7 40.Dd7+ Db7 41.
Cb5+ 1/2-1/2

[Event "Interzonal"]
[Site "Biel SUI"]
[Date "1993.??.??"]
[Round "7"]
[White "Nalbandian, Tigran"]
[Black "Topalov, Veselin"]
[Result "1-0"]
[WhiteElo "2485"]
[BlackElo "2650"]

1.d4 f5 2.Fg5 g6 3.e4 fxe4 4.Cc3 Fg7 5.Cxe4 d5 6.Cc5 b6 7.Cb3 Ch6 8.h4 Cf7
9.Ch3 Dd6 10.Dd2 e5 11.O-O-O Cxg5 12.hxg5 e4 13.Df4 Ff8 14.g3 c6 15.f3 
Fxh3 16.Fxh3 Dxf4+ 17.gxf4 Fd6 18.f5 Ff4+ 19.Rb1 gxf5 20.Fxf5 e3 21.Tdg1 
Rf8 22.g6 1-0

[Event "Interzonal"]
[Site "Biel SUI"]
[Date "1993.??.??"]
[Round "8"]
[White "Topalov, Veselin"]
[Black "Kalesis, Nikolaos"]
[Result "1-0"]
[WhiteElo "2650"]
[BlackElo "2410"]

1.e4 c5 2.Cf3 e6 3.d4 cxd4 4.Cxd4 Cc6 5.Cc3 Dc7 6.Fe3 a6 7.Fd3 Cf6 8.O-O 
d6 9.Rh1 Fe7 10.f4 O-O 11.Df3 Fd7 12.a4 Tfe8 13.Dg3 Cb4 14.a5 Fc6 15.f5 e5
16.Cf3 Tac8 17.Fb6 Db8 18.Tad1 Fd8 19.Fe3 Fe7 20.Td2 Ff8 21.Fg5 Fe7 22.Fc4
Dc7 23.Fb3 Ted8 24.Ta1 b5 25.axb6 Dxb6 26.Tad1 Dc7 27.Fxf6 Fxf6 28.Cg5 Fe8
29.Ch3 De7 30.Cf2 Fg5 31.Te2 a5 32.Ta1 Ta8 33.Cd3 Fc6 34.Td1 Ff6 35.Cxb4 
axb4 36.Cd5 Fxd5 37.Fxd5 Ta6 38.Db3 Tb8 39.Fc4 Tc6 40.Ta1 Dc7 41.Fd5 Tc5 
42.Ta4 h6 43.g3 Fg5 44.h4 Ff6 45.Rg2 Fd8 46.Rh3 Tcb5 47.Te1 Tc5 48.Tea1 
Txc2 49.Ta7 Dc5 50.Txf7 1-0

[Event "Interzonal"]
[Site "Biel SUI"]
[Date "1993.??.??"]
[Round "9"]
[White "Topalov, Veselin"]
[Black "Agdestein, Simen"]
[Result "0-1"]
[WhiteElo "2650"]
[BlackElo "2610"]

1.e4 e5 2.Cf3 Cc6 3.Fb5 a6 4.Fa4 b5 5.Fb3 Ca5 6.O-O d6 7.d4 Cxb3 8.axb3 f6
9.c4 b4 10.Fe3 Fb7 11.Cbd2 c5 12.dxc5 dxc5 13.De2 Fd6 14.Ce1 Ce7 15.Cd3 
Db6 16.Dg4 f5 17.exf5 O-O 18.f6 Txf6 19.f3 Tg6 20.Dh5 Tf8 21.Ce4 Cf5 22.
Tae1 Fc8 23.Rh1 Dd8 24.Fg5 Fe7 25.Fxe7 Dxe7 26.Tf2 Fd7 27.Cexc5 Th6 28.Dg4
Th4 29.Txe5 Dd8 30.Td5 Txg4 31.fxg4 Ch4 32.Cxd7 Txf2 33.Cxf2 Cg6 34.Cd3 
Dc7 35.C7e5 Cf8 36.Cxb4 Db6 37.Cbc6 Df2 38.Td1 h6 39.h3 Dxb2 40.Tf1 Ce6 
41.b4 Cf4 42.Tg1 De2 43.b5 axb5 44.cxb5 Dxb5 45.Rh2 Rh7 46.Rh1 Dd5 47.Rh2 
De4 48.h4 h5 49.gxh5 Cd3 50.g4 Cxe5 51.Cxe5 Dxe5+ 52.Rh3 De2 53.Tg2 Df3+ 
54.Rh2 Rg8 55.Tg3 De2+ 56.Rh3 Rf7 57.h6 Df1+ 58.Rh2 Df2+ 59.Rh3 Df1+ 60.
Rh2 Df2+ 61.Rh3 gxh6 62.g5 h5 63.g6+ Rg7 64.Tg5 Df3+ 65.Rh2 Df4+ 66.Rh3 
Df2 67.Tg2 Df1 68.Rh2 De1 69.Tg3 De4 0-1

[Event "Interzonal"]
[Site "Biel SUI"]
[Date "1993.??.??"]
[Round "10"]
[White "Moutousis, Konstantinos"]
[Black "Topalov, Veselin"]
[Result "0-1"]
[WhiteElo "2425"]
[BlackElo "2650"]

1.e4 c5 2.Cc3 g6 3.f4 Fg7 4.Cf3 Cc6 5.Fb5 Cd4 6.O-O e6 7.d3 Ce7 8.Cxd4 
cxd4 9.Ce2 O-O 10.Fa4 d6 11.Fd2 Fd7 12.Fb3 Tc8 13.De1 Rh8 14.Rh1 f5 15.Cg3
Cc6 16.Df2 Ca5 17.Fxa5 Dxa5 18.exf5 exf5 19.Ce2 Dc5 20.Cg1 Ff6 21.Cf3 Tfe8
22.h4 Te3 23.Dg3 Rg7 24.h5 Tce8 25.Tf2 Fe6 26.Td1 a5 27.Fxe6 T3xe6 28.a4 
b5 29.axb5 a4 30.Ta1 Dxb5 31.Ta2 T6e7 32.Tf1 Dc6 33.Tf2 Db5 34.Tf1 Db4 35.
Rg1 Te2 36.Tf2 T8e3 37.b3 a3 38.Txe2 Txe2 39.c3 Txa2 40.cxb4 Te2 41.De1 
Txe1+ 42.Cxe1 a2 43.Cc2 Rf7 44.Rf2 d5 45.b5 Re8 46.h6 Rd7 47.b6 Fe7 48.g4 
Rc8 0-1

[Event "Interzonal"]
[Site "Biel SUI"]
[Date "1993.??.??"]
[Round "11"]
[White "Topalov, Veselin"]
[Black "Frolov, Artur"]
[Result "1-0"]
[WhiteElo "2650"]
[BlackElo "2535"]

1.e4 e5 2.Cf3 Cc6 3.Fb5 a6 4.Fa4 Cf6 5.O-O Fe7 6.Te1 b5 7.Fb3 d6 8.c3 O-O 
9.h3 Ca5 10.Fc2 c5 11.d4 Dc7 12.Cbd2 Fd7 13.Cf1 Cc4 14.De2 Tfe8 15.b3 Cb6 
16.dxe5 dxe5 17.c4 Ch5 18.Fd2 Tab8 19.a4 bxc4 20.bxc4 Fd6 21.a5 Cc8 22.Fa4
Fxa4 23.Txa4 Ca7 24.g3 Cf6 25.Ta2 Cc6 26.Fg5 Cd7 27.Ch4 Cd4 28.Dg4 Dc6 29.
Ce3 h5 30.Dxh5 f6 31.Fh6 Ff8 32.Cef5 Cxf5 33.Cxf5 gxh6 34.Dg6+ Rh8 35.Td2 
De6 36.Ted1 Tbd8 37.h4 Te7 38.Cxe7 Fxe7 39.Txd7 1-0

[Event "Interzonal"]
[Site "Biel SUI"]
[Date "1993.??.??"]
[Round "13"]
[White "Topalov, Veselin"]
[Black "Lima, Darcy"]
[Result "1/2-1/2"]
[WhiteElo "2650"]
[BlackElo "2475"]

1.e4 e5 2.Cf3 Cc6 3.Fb5 Fc5 4.O-O Cd4 5.Cxd4 Fxd4 6.c3 Fb6 7.d4 c6 8.Fc4 
d6 9.Db3 Dc7 10.dxe5 dxe5 11.h3 Cf6 12.Cd2 O-O 13.Dc2 Fd7 14.b3 Tfe8 15.
Fe2 Fe6 16.a4 Tad8 17.Cc4 Fxc4 18.Fxc4 Ch5 19.Rh2 Td6 20.g3 Ted8 21.De2 
Cf6 22.Ta2 h6 23.Rg2 T6d7 24.Df3 Ce8 25.Te1 a5 26.Fa3 Cf6 27.Tc2 Db8 28.
Fc1 Ce8 29.h4 Dc7 30.Tee2 Cd6 31.Fd3 Fc5 32.Tcd2 Cc8 33.Fc2 Txd2 34.Txd2 
Txd2 35.Fxd2 Dd7 36.Fc1 Cd6 37.Dh5 De6 38.De2 Cc8 39.Dd3 Dd6 40.Dxd6 Cxd6 
41.f4 f6 42.h5 Rf7 43.Rf3 Re6 44.Fd2 Fa7 45.Fd3 Fb6 46.Ff1 Fc5 47.Fe1 Fg1 
48.Fh3+ Re7 49.fxe5 fxe5 50.Ff5 Fc5 51.g4 Cf7 52.Fc8 b6 53.Ff5 Cg5+ 54.Re2
Fg1 55.b4 axb4 56.cxb4 b5 57.axb5 cxb5 58.Fc3 Rd6 59.Fg6 Fd4 60.Fd2 
1/2-1/2